Statistics for Φρούτα χωρίς φωνήεντα

Click here to take the quiz!

General Stats

  • This quiz has been taken 100 times
  • The average score is 19 of 20

Answer Stats

HintAnswer% Correct
ΜΠΝΝΜπανάνα
100%
ΜΛΜήλο
100%
ΠΡΤΚΛΠορτοκάλι
98%
ΣΤΦΛΣταφύλι
98%
ΚΡΠΖΚαρπούζι
97%
ΡΔΡόδι
97%
ΦΡΛΦράουλα
97%
ΒΣΣΝΒύσσινο
97%
ΡΔΚΝΡοδάκινο
96%
ΔΜΣΚΝΔαμάσκηνο
96%
ΧΛΔΑχλάδι
96%
ΒΡΚΚΒερίκοκο
94%
ΒΤΜΡΒατόμουρο
94%
ΜΝΤΡΝΜανταρίνι
94%
ΠΠΝΠεπόνι
93%
ΣΚΣύκο
93%
ΚΡΣΚεράσι
91%
ΚΤΝΔΑκτινίδιο
91%
ΝΝΣΑνανάς
83%
ΚΡΔΚαρύδα
61%

Score Distribution

Percentile by Number Answered

Percent of People with Each Score

Your Score History

You have not taken this quiz